[Event "CAN-ch U20 2008"]
[Site "Toronto CAN"]
[Date "2008.05.09"]
[Round "1"]
[White "Makaremi, Sina"]
[Black "Sundar, Avinaash"]
[Result "0-1"]
[WhiteElo "1869"]
[BlackElo "2194"]
[PlyCount "34"]
[GameId "2160767910354928"]
[EventDate "2008.05.09"]
[EventType "swiss"]
[EventRounds "9"]
[EventCountry "CAN"]

1. d4 Nf6 2. Nf3 g6 3. c4 d6 4. g3 Bg7 5. Bg2 O-O 6. O-O Nbd7 7. Nc3 e5 8. e4 a5 9. b3 Re8 10. Qc2 exd4 11. Nxd4 Nxe4 12. Bxe4 Bxd4 13. Bd2 Nc5 14. Bd3 Bh3 15. Rfd1 Qf6 16. Be1 Qf3 17. Bf1 Bxf1 0-1

[Event "CAN-ch U20 2008"]
[Site "Toronto CAN"]
[Date "2008.05.09"]
[Round "1"]
[White "Sapozhnikov, Roman"]
[Black "Wang, Jesse BJ"]
[Result "0-1"]
[WhiteElo "2118"]
[BlackElo "1891"]
[PlyCount "72"]
[GameId "2160767910354929"]
[EventDate "2008.05.09"]
[EventType "swiss"]
[EventRounds "9"]
[EventCountry "CAN"]

1. e4 c5 2. Nf3 d6 3. d4 cxd4 4. Nxd4 Nf6 5. Nc3 a6 6. Bg5 e6 7. f4 Nbd7 8. Qf3 Qc7 9. O-O-O b5 10. Bd3 Bb7 11. Rhe1 Qb6 12. Nb3 Rc8 13. Kb1 Rxc3 14. bxc3 Qc7 15. Bxf6 gxf6 16. Qe3 Nb6 17. Nc1 Na4 18. Ne2 d5 19. exd5 Bxd5 20. Qd4 Rg8 21. Be4 Bc5 22. Qd3 Bc4 23. Qf3 Bd6 24. Nd4 Qc5 25. Bxh7 Bd5 26. Nxe6 Bxa2+ 27. Ka1 Bxe6 28. c4 Rxg2 29. Qa8+ Ke7 30. Qb7+ Bc7 31. Rd3 Rg1 32. Qe4 Qxc4 33. Qxe6+ Qxe6 34. Rxg1 Bxf4 35. Rgd1 Be5+ 36. Kb1 Nc3+ 0-1

[Event "CAN-ch U20 2008"]
[Site "Toronto CAN"]
[Date "2008.05.10"]
[Round "2"]
[White "Sundar, Avinaash"]
[Black "Kleinman, Michael"]
[Result "1-0"]
[WhiteElo "2194"]
[BlackElo "1992"]
[PlyCount "49"]
[GameId "2160767910354930"]
[EventDate "2008.05.09"]
[EventType "swiss"]
[EventRounds "9"]
[EventCountry "CAN"]

1. c4 Nf6 2. Nc3 c5 3. g3 g6 4. Bg2 Bg7 5. Nf3 O-O 6. O-O d5 7. cxd5 Nxd5 8. d4 Nxc3 9. bxc3 Nc6 10. e3 cxd4 11. exd4 e5 12. Be3 Be6 13. Qa4 Qc7 14. Rab1 Rab8 15. dxe5 b5 16. Rxb5 Rxb5 17. Qxb5 Rb8 18. Qa4 Rb2 19. Ng5 Nxe5 20. Qe8+ Bf8 21. Nxe6 fxe6 22. Qxe6+ Nf7 23. Bd5 a5 24. Bd4 a4 25. Qf6 1-0

[Event "CAN-ch U20 2008"]
[Site "Toronto CAN"]
[Date "2008.05.10"]
[Round "2"]
[White "Wang, Jesse BJ"]
[Black "Ye, Ling Feng"]
[Result "0-1"]
[WhiteElo "1891"]
[BlackElo "2192"]
[PlyCount "60"]
[GameId "2160767910354931"]
[EventDate "2008.05.09"]
[EventType "swiss"]
[EventRounds "9"]
[EventCountry "CAN"]

1. e4 c5 2. Nc3 e6 3. g3 d5 4. exd5 exd5 5. Bg2 Nf6 6. Nge2 d4 7. Ne4 Nbd7 8. d3 Be7 9. O-O O-O 10. Nf4 Re8 11. Re1 Nxe4 12. dxe4 Ne5 13. Nd5 Bg4 14. f3 Be6 15. Nxe7+ Qxe7 16. Bf4 Nc6 17. Qe2 c4 18. Rad1 Rad8 19. b3 Qc5 20. Kh1 Nb4 21. a3 d3 22. cxd3 Nxd3 23. Rf1 Nf2+ 24. Rxf2 Rxd1+ 25. Qxd1 Qxf2 26. bxc4 Bxc4 27. h4 h6 28. Bc7 Qc5 29. Bd6 Qh5 30. Kg1 Rd8 0-1

[Event "CAN-ch U20 2008"]
[Site "Toronto CAN"]
[Date "2008.05.10"]
[Round "3"]
[White "Makaremi, Sina"]
[Black "Wang, Jesse BJ"]
[Result "1/2-1/2"]
[WhiteElo "1869"]
[BlackElo "1891"]
[PlyCount "166"]
[GameId "2160767910354932"]
[EventDate "2008.05.09"]
[EventType "swiss"]
[EventRounds "9"]
[EventCountry "CAN"]

1. d4 d5 2. c4 c6 3. Nc3 Nf6 4. e3 e6 5. Nf3 Nbd7 6. Bd3 dxc4 7. Bxc4 b5 8. Bd3 Bb7 9. O-O b4 10. Ne4 c5 11. Ng3 Qc7 12. Bd2 Bd6 13. Rc1 Qb6 14. Re1 O-O 15. e4 cxd4 16. Qe2 Rac8 17. Nxd4 Qxd4 18. Be3 Qe5 19. f4 Qa5 20. e5 Nxe5 21. fxe5 Bxe5 22. Rcd1 Qc7 23. Bf2 Qc6 24. Bxa7 Ra8 25. Be3 Rxa2 26. Bb5 Qc7 27. Rc1 Qb8 28. Bf2 Rxb2 29. Qxe5 Rxf2 30. Bc6 Qxe5 31. Rxe5 Bxc6 32. Rxc6 b3 33. Rb5 Rc2 34. Rxc2 bxc2 35. Rc5 g6 36. Rxc2 Rd8 37. h3 Kg7 38. Re2 h5 39. Kf2 h4 40. Nf1 g5 41. Nh2 Rd5 42. Nf3 Nh5 43. Re4 Kf6 44. Rg4 Rf5 45. Rc4 Rf4 46. Rc5 e5 47. Ke3 Ng7 48. Nxe5 Nf5+ 49. Kd3 Rd4+ 50. Kc3 Rf4 51. Ng4+ Rxg4 52. hxg4 Ne3 53. Kd3 Nxg2 54. Rf5+ Kg6 55. Ke2 Nf4+ 56. Kf3 Ne6 57. Kf2 f6 58. Kg1 Nd8 59. Rc5 Nf7 60. Kh2 Ne5 61. Kh3 Nd3 62. Rf5 Kf7 63. Kh2 Ne5 64. Kh3 Ke6 65. Rf1 Nd3 66. Rf5 Nf4+ 67. Kh2 Nd5 68. Kh3 Ne7 69. Rb5 Nd5 70. Ra5 Ke5 71. Ra4 Nf4+ 72. Kh2 Nd3 73. Kg2 Nf4+ 74. Kh2 Ne6 75. Kh3 Nd4 76. Kg2 Nc6 77. Kh3 Ne7 78. Ra5+ Nd5 79. Ra4 Ne3 80. Rb4 f5 81. gxf5 Kxf5 82. Rb5+ Kf4 83. Rb4+ Kf3 1/2-1/2

[Event "CAN-ch U20 2008"]
[Site "Toronto CAN"]
[Date "2008.05.10"]
[Round "3"]
[White "Tayar, Jonathan"]
[Black "Sundar, Avinaash"]
[Result "1-0"]
[WhiteElo "2343"]
[BlackElo "2194"]
[PlyCount "71"]
[GameId "2160767910354933"]
[EventDate "2008.05.09"]
[EventType "swiss"]
[EventRounds "9"]
[EventCountry "CAN"]

1. e4 c5 2. Nc3 Nc6 3. Bb5 Nd4 4. Bc4 g6 5. Nf3 d6 6. O-O Bg7 7. d3 Nf6 8. Nxd4 cxd4 9. Nd5 Nxd5 10. Bxd5 e6 11. Bb3 O-O 12. f4 a5 13. a4 Bd7 14. Qe1 b5 15. axb5 Bxb5 16. f5 a4 17. Ba2 exf5 18. exf5 d5 19. Qf2 Ra6 20. Qf3 Bc6 21. f6 Bh8 22. g4 Bb7 23. g5 Qd7 24. Bf4 Re8 25. Rae1 Rae6 26. Bg3 h6 27. h4 Re3 28. Qf4 Qh3 29. Bf2 hxg5 30. hxg5 Bc8 31. Bxe3 dxe3 32. Rf3 Qh5 33. Rfxe3 Rxe3 34. Rxe3 Qd1+ 35. Kf2 Qd2+ 36. Kg3 1-0

[Event "CAN-ch U20 2008"]
[Site "Toronto CAN"]
[Date "2008.05.11"]
[Round "4"]
[White "Sundar, Avinaash"]
[Black "Martchenko, Alexander"]
[Result "0-1"]
[WhiteElo "2194"]
[BlackElo "2212"]
[PlyCount "72"]
[GameId "2160767910354934"]
[EventDate "2008.05.09"]
[EventType "swiss"]
[EventRounds "9"]
[EventCountry "CAN"]

1. c4 c6 2. g3 d5 3. Bg2 Nf6 4. Nf3 dxc4 5. Na3 b5 6. Ne5 Qc7 7. d4 Bb7 8. e4 e6 9. Bf4 Qa5+ 10. Kf1 c3 11. Rb1 cxb2 12. Nc2 Qxa2 13. Nd3 Nbd7 14. Nxb2 c5 15. Qc1 Qa6 16. Ra1 Qb6 17. dxc5 Bxc5 18. e5 Nd5 19. Nd3 Rc8 20. Qd2 O-O 21. Rg1 Rfd8 22. Nce1 Bd4 23. Rd1 b4 24. Be4 Bc3 25. Qe2 f5 26. exf6 N7xf6 27. Bg5 Bxe1 28. Qxe1 Nxe4 29. Bxd8 Rxd8 30. Nxb4 Nxb4 31. Rxd8+ Qxd8 32. Qxb4 Nd2+ 33. Ke2 Ba6+ 34. Ke3 Qd3+ 35. Kf4 g5+ 36. Kxg5 Qf5+ 0-1

[Event "CAN-ch U20 2008"]
[Site "Toronto CAN"]
[Date "2008.05.11"]
[Round "4"]
[White "Wang, Jesse BJ"]
[Black "Humphreys, Michael"]
[Result "0-1"]
[WhiteElo "1891"]
[BlackElo "2103"]
[PlyCount "64"]
[GameId "2160767910354935"]
[EventDate "2008.05.09"]
[EventType "swiss"]
[EventRounds "9"]
[EventCountry "CAN"]

1. e4 c5 2. Nc3 g6 3. f4 Bg7 4. Nf3 Nc6 5. Bb5 Nd4 6. Nxd4 cxd4 7. Ne2 Qa5 8. Bc4 e6 9. a4 Nf6 10. e5 Nd5 11. c3 Qc5 12. Bxd5 Qxd5 13. Nxd4 Qxg2 14. Qf3 Qxf3 15. Nxf3 b6 16. b3 Bb7 17. Kf2 f6 18. d4 fxe5 19. dxe5 Rf8 20. Re1 Rc8 21. c4 Bh6 22. Kg3 g5 23. Kg4 gxf4 24. Ng5 Bxg5 25. Kxg5 f3 26. Bf4 Rf5+ 27. Kg4 Kf7 28. Bg3 Rg8+ 29. Kh4 f2 30. Red1 Kf8 31. Kh3 Rh5+ 32. Bh4 Bg2# 0-1

[Event "CAN-ch U20 2008"]
[Site "Toronto CAN"]
[Date "2008.05.11"]
[Round "5"]
[White "Humphreys, Michael"]
[Black "Sundar, Avinaash"]
[Result "1/2-1/2"]
[WhiteElo "2103"]
[BlackElo "2194"]
[PlyCount "71"]
[GameId "2160767910354936"]
[EventDate "2008.05.09"]
[EventType "swiss"]
[EventRounds "9"]
[EventCountry "CAN"]

1. Nf3 c5 2. c4 g6 3. e4 Bg7 4. d4 cxd4 5. Nxd4 Nc6 6. Be3 d6 7. Be2 Nf6 8. Nc3 O-O 9. O-O Ne5 10. f3 Be6 11. c5 Bc4 12. cxd6 exd6 13. b3 Bxe2 14. Ndxe2 Re8 15. Qd2 Rc8 16. Rad1 Qa5 17. Nd5 Qa6 18. Nxf6+ Bxf6 19. Nf4 Bg7 20. Nd5 Qa3 21. Bg5 Kh8 22. Bf6 Bxf6 23. Nxf6 Re6 24. Nd5 Kg8 25. Rc1 Rc6 26. Nb4 Qa5 27. Qd4 Rxc1 28. Rxc1 Nc6 29. Nxc6 bxc6 30. b4 Qa4 31. Rc4 d5 32. exd5 Re1+ 33. Kf2 Rd1 34. Qb2 Rxd5 35. Re4 Rd8 36. Qe2 1/2-1/2

[Event "CAN-ch U20 2008"]
[Site "Toronto CAN"]
[Date "2008.05.11"]
[Round "5"]
[White "Zhang, David"]
[Black "Wang, Jesse BJ"]
[Result "0-1"]
[WhiteElo "1751"]
[BlackElo "1891"]
[PlyCount "83"]
[GameId "2160767910354937"]
[EventDate "2008.05.09"]
[EventType "swiss"]
[EventRounds "9"]
[EventCountry "CAN"]

1. e4 c5 2. Nf3 d6 3. d4 cxd4 4. Nxd4 Nf6 5. Nc3 a6 6. Bc4 e6 7. Bb3 Nbd7 8. f4 Qc7 9. Be3 Nc5 10. Qf3 b5 11. f5 e5 12. Nde2 Bb7 13. Ng3 Nxb3 14. cxb3 Bc6 15. Rc1 Qb7 16. O-O h5 17. h4 Ng4 18. Bg5 Be7 19. Nxh5 Bxg5 20. hxg5 Qb6+ 21. Rf2 Qxf2+ 22. Qxf2 Nxf2 23. Nxg7+ Kf8 24. Ne6+ fxe6 25. Kxf2 b4 26. Na4 Bxa4 27. bxa4 exf5 28. exf5 Rh5 29. g4 Rxg5 30. Kf3 Rg7 31. Rc6 Rd7 32. g5 Kf7 33. a5 Rg8 34. Kg4 Re8 35. Rc1 e4 36. Rh1 e3 37. Rh7+ Kg8 38. Rh1 e2 39. Re1 Kf7 40. Kf3 Re5 41. Rxe2 Rxe2 42. Kxe2 0-1

[Event "CAN-ch U20 2008"]
[Site "Toronto CAN"]
[Date "2008.05.12"]
[Round "6"]
[White "Sundar, Avinaash"]
[Black "Wang, Jesse BJ"]
[Result "0-1"]
[WhiteElo "2194"]
[BlackElo "1891"]
[PlyCount "78"]
[GameId "2160767910354938"]
[EventDate "2008.05.09"]
[EventType "swiss"]
[EventRounds "9"]
[EventCountry "CAN"]

1. c4 c6 2. g3 d5 3. Bg2 Nf6 4. Qc2 e6 5. b3 Nbd7 6. Bb2 Bd6 7. Nf3 h6 8. O-O O-O 9. d3 Re8 10. Nbd2 e5 11. e4 dxe4 12. dxe4 Qc7 13. Nh4 Bc5 14. Nhf3 b6 15. a3 a5 16. Bc3 Bd6 17. Rfd1 Nf8 18. Nf1 Ba6 19. Ne3 g6 20. b4 Ne6 21. bxa5 bxa5 22. Bxa5 Qxa5 23. Rxd6 Red8 24. c5 Rxd6 25. cxd6 Nd4 26. Nxd4 exd4 27. Nf1 d3 28. Qb2 Nd7 29. Qd4 c5 30. Qd5 Rb8 31. Ne3 Qc3 32. Rd1 Qxa3 33. Qc6 Bb5 34. Qc7 Qa4 35. Bh3 Ra8 36. Bxd7 Bxd7 37. Qxc5 Qxe4 38. Nd5 Qf3 39. Ne3 Bc6 0-1

[Event "CAN-ch U20 2008"]
[Site "Toronto CAN"]
[Date "2008.05.01"]
[Round "7"]
[White "Sundar, Avinaash"]
[Black "Perelman, Leon"]
[Result "1/2-1/2"]
[WhiteElo "2194"]
[BlackElo "1797"]
[PlyCount "152"]
[GameId "2160767910354939"]
[EventDate "2008.05.09"]
[EventType "swiss"]
[EventRounds "9"]
[EventCountry "CAN"]

1. c4 Nf6 2. Nf3 e6 3. g3 d5 4. Bg2 dxc4 5. Qa4+ Nbd7 6. Qxc4 Nb6 7. Qc2 Be7 8. O-O c5 9. d3 O-O 10. Na3 Nbd5 11. Bd2 Bd7 12. Nc4 Rc8 13. a4 Bc6 14. Bc3 Nd7 15. Qd2 N7b6 16. Nxb6 Qxb6 17. Ne5 Nxc3 18. bxc3 Bxg2 19. Kxg2 Rfd8 20. Rfb1 Qc7 21. Nc4 Qd7 22. a5 Qd5+ 23. Kg1 Qxc4 24. Rxb7 Bf6 25. Rxa7 Qxc3 26. Qxc3 Bxc3 27. Rb1 Bb4 28. a6 Ra8 29. Rxa8 Rxa8 30. d4 Kf8 31. dxc5 Bxc5 32. Rb5 Bd6 33. Rb6 Ke7 34. Rb7+ Kf6 35. Rb6 Be5 36. Kg2 Bd4 37. Rb4 Ke5 38. e3 Bc5 39. Rb7 Rxa6 40. Rxf7 g6 41. Rxh7 Kf6 42. Rc7 Bd6 43. Rd7 Rc6 44. f4 Rc2+ 45. Kf3 Be7 46. h4 Rc3 47. g4 Rc4 48. Rb7 Kf7 49. g5 Rc3 50. h5 gxh5 51. Ra7 Rc1 52. Kg3 Re1 53. Kf2 Rd1 54. Kf3 Rg1 55. Kf2 Rg4 56. Ra8 Bd6 57. Kf3 Bf8 58. Ra7+ Be7 59. Ra8 Bc5 60. Rh8 Rh4 61. Rh7+ Kg8 62. Rc7 Bf8 63. Rb7 Rh3+ 64. Kf2 h4 65. g6 Rg3 66. Rh7 Bc5 67. Rxh4 Rxe3 68. Kg2 Kg7 69. Rh5 Bd6 70. f5 Rg3+ 71. Kf2 exf5 72. Rxf5 Kxg6 73. Rd5 Bf4 74. Rb5 Ra3 75. Ke2 Kf6 76. Kf2 Ke6 1/2-1/2

[Event "CAN-ch U20 2008"]
[Site "Toronto CAN"]
[Date "2008.05.01"]
[Round "8"]
[White "Orlova, Yelizaveta"]
[Black "Sundar, Avinaash"]
[Result "1-0"]
[WhiteElo "1909"]
[BlackElo "2194"]
[PlyCount "89"]
[GameId "2160767910354941"]
[EventDate "2008.05.09"]
[EventType "swiss"]
[EventRounds "9"]
[EventCountry "CAN"]

1. d4 Nf6 2. Nf3 g6 3. g3 Bg7 4. Bg2 c5 5. c3 Qc7 6. O-O O-O 7. Nbd2 d6 8. e4 Nbd7 9. Qe2 e5 10. dxe5 dxe5 11. Ne1 Rb8 12. a4 b6 13. Nc2 a6 14. c4 Bb7 15. Ne3 Rfe8 16. Nd5 Bxd5 17. exd5 Qd6 18. Rd1 Nh5 19. Ne4 Qf8 20. Bh3 Rb7 21. a5 h6 22. Bxd7 Rxd7 23. axb6 f5 24. Nc3 Ra8 25. Na4 f4 26. Ra3 Re8 27. Qe4 Kh7 28. Re1 Nf6 29. Qc2 Nh5 30. gxf4 exf4 31. Rxe8 Qxe8 32. Nxc5 Qe1+ 33. Kg2 Rf7 34. b7 Bd4 35. Qd2 Qxd2 36. Bxd2 Nf6 37. Rb3 Rf8 38. Nxa6 Nd7 39. c5 g5 40. c6 Nb8 41. Nxb8 Rxb8 42. Bb4 Bf6 43. d6 g4 44. c7 f3+ 45. Kg3 1-0

[Event "CAN-ch U20 2008"]
[Site "Toronto CAN"]
[Date "2008.05.01"]
[Round "8"]
[White "Perelman, Leon"]
[Black "Wang, Jesse BJ"]
[Result "1-0"]
[WhiteElo "1797"]
[BlackElo "1891"]
[PlyCount "107"]
[GameId "2160767910354942"]
[EventDate "2008.05.09"]
[EventType "swiss"]
[EventRounds "9"]
[EventCountry "CAN"]

1. e4 c5 2. Nf3 d6 3. d4 cxd4 4. Nxd4 Nf6 5. Nc3 a6 6. Bc4 e6 7. Bb3 Nbd7 8. Bg5 Nc5 9. Qf3 Be7 10. O-O-O Qc7 11. Rhe1 b5 12. Bxf6 Nxb3+ 13. axb3 Bxf6 14. Nf5 Be5 15. Nxd6+ Bxd6 16. Rxd6 Qxd6 17. e5 Qb6 18. Qxa8 O-O 19. Qf3 Bb7 20. Qg3 Qa5 21. Rd1 b4 22. Nb1 Be4 23. Qf4 Bg6 24. Rd4 Rc8 25. Rc4 Rd8 26. Rxb4 Rc8 27. Na3 Qd5 28. Kb1 Qxg2 29. Rc4 Rd8 30. Qd2 Rf8 31. h4 h6 32. Ka2 Qh2 33. Qf4 Qh1 34. Qd4 Qa8 35. Ra4 Rd8 36. Qb6 Rd1 37. Qxa6 Qh1 38. Qa8+ Kh7 39. Qxh1 Rxh1 40. Rf4 Bf5 41. c4 g5 42. hxg5 hxg5 43. Rf3 g4 44. Re3 Rh2 45. c5 Rxf2 46. c6 Rf3 47. Nc4 Rxe3 48. Nxe3 Be4 49. c7 Bb7 50. Nxg4 Kg6 51. Ne3 f5 52. exf6 e5 53. Nd5 e4 54. Kb1 1-0

[Event "CAN-ch U20 2008"]
[Site "Toronto CAN"]
[Date "2008.05.01"]
[Round "9"]
[White "Sundar, Avinaash"]
[Black "Prysiazny, Michael"]
[Result "1-0"]
[WhiteElo "2194"]
[BlackElo "1722"]
[PlyCount "49"]
[GameId "2160767910354943"]
[EventDate "2008.05.09"]
[EventType "swiss"]
[EventRounds "9"]
[EventCountry "CAN"]

1. c4 Nf6 2. g3 g6 3. Bg2 Bg7 4. Nf3 d6 5. O-O O-O 6. Nc3 Nc6 7. Rb1 e5 8. d3 a5 9. a3 h6 10. b4 axb4 11. axb4 Be6 12. Nd2 Qc8 13. b5 Ne7 14. Qb3 Bh3 15. Nd5 Nexd5 16. cxd5 Bxg2 17. Kxg2 Nd7 18. Ba3 b6 19. e4 f5 20. Rfc1 f4 21. Bxd6 Nc5 22. Bxc5 bxc5 23. f3 Rf7 24. Rxc5 Bf8 25. Rc6 1-0

[Event "CAN-ch U20 2008"]
[Site "Toronto CAN"]
[Date "2008.05.01"]
[Round "9"]
[White "Wang, Jesse BJ"]
[Black "Cai, Tony"]
[Result "1-0"]
[WhiteElo "1891"]
[BlackElo "1675"]
[PlyCount "81"]
[GameId "2160767910350848"]
[EventDate "2008.05.09"]
[EventType "swiss"]
[EventRounds "9"]
[EventCountry "CAN"]

1. e4 c5 2. Nc3 Nc6 3. Bb5 g6 4. Bxc6 bxc6 5. d3 Bg7 6. f4 d6 7. Nf3 Nf6 8. O-O O-O 9. e5 Nd5 10. Na4 Qc7 11. Re1 Bb7 12. c4 Nb6 13. Nc3 d5 14. Qe2 Rad8 15. b3 Bc8 16. Ba3 Bg4 17. Bxc5 Rfe8 18. h3 Bxf3 19. Qxf3 e6 20. Rad1 Rd7 21. Bd6 Rxd6 22. exd6 Qxd6 23. Ne2 Rd8 24. cxd5 cxd5 25. d4 Qa3 26. Qd3 Rc8 27. Rd2 Qb4 28. Red1 Nd7 29. Rc2 Rxc2 30. Qxc2 Qb8 31. Rc1 Qb6 32. Qc8+ Nf8 33. Qc5 Qa6 34. Rc2 Qd3 35. Qc3 Qd1+ 36. Kf2 Qb1 37. Qb2 Qxb2 38. Rxb2 Nd7 39. Rc2 a5 40. Rc7 Nb6 41. Rb7 1-0

[Event "CAN-ch University"]
[Site "Guelph CAN"]
[Date "2008.01.12"]
[Round "1"]
[White "Laming, Ryan"]
[Black "Ferreira, Alex"]
[Result "1/2-1/2"]
[WhiteElo "1823"]
[BlackElo "1999"]
[PlyCount "100"]
[GameId "2160767910549108"]
[EventDate "2008.01.12"]
[EventType "team"]
[EventRounds "5"]
[EventCountry "CAN"]

1. d4 d5 2. c4 e5 3. dxe5 d4 4. Nf3 Nc6 5. a3 Nge7 6. e3 Bg4 7. h3 Bxf3 8. Qxf3 Ng6 9. e6 fxe6 10. Qe4 Qd7 11. Be2 O-O-O 12. exd4 Nxd4 13. O-O Nxe2+ 14. Qxe2 Bc5 15. Be3 Bxe3 16. Qxe3 Kb8 17. Nc3 Qd4 18. Qxe6 Rhe8 19. Qg4 Qxg4 20. hxg4 Rd4 21. Rad1 Rxg4 22. b3 Kc8 23. Rd2 Nh4 24. f3 Rg6 25. Ne4 h5 26. Kh2 Nf5 27. Re1 Rd8 28. Red1 Rxd2 29. Rxd2 Ne3 30. Re2 Nf5 31. Rd2 b6 32. Rd3 h4 33. Kh3 c6 34. c5 Kc7 35. b4 b5 36. f4 Re6 37. Kg4 Rxe4 38. Kxf5 Re2 39. Kg4 Rxg2+ 40. Kxh4 a5 41. bxa5 Rc2 42. Rg3 Rxc5 43. Rxg7+ Kd6 44. a6 Rc3 45. Rg3 Rc4 46. Kg5 Ra4 47. f5 Rxa6 48. f6 Ra8 49. f7 c5 50. Kg6 b4 1/2-1/2

[Event "CAN-ch University"]
[Site "Guelph CAN"]
[Date "2008.01.12"]
[Round "1"]
[White "Tayar, Jonathan"]
[Black "Hacatoglu, Kevork"]
[Result "0-1"]
[WhiteElo "2341"]
[BlackElo "2224"]
[PlyCount "50"]
[GameId "2160767910549109"]
[EventDate "2008.01.12"]
[EventType "team"]
[EventRounds "5"]
[EventCountry "CAN"]

1. e4 e6 2. d4 d5 3. Nc3 Bb4 4. e5 c5 5. a3 Bxc3+ 6. bxc3 Ne7 7. Qg4 Qc7 8. Bd3 cxd4 9. Ne2 dxc3 10. Qxg7 Rg8 11. Qxh7 Qxe5 12. Bf4 Qf6 13. h4 Rxg2 14. Bg3 e5 15. Kf1 Rxg3 16. Nxg3 Nbc6 17. Nh5 Qf3 18. Qh8+ Kd7 19. Rg1 Kc7 20. Ke1 Bf5 21. Qf6 Qxh5 22. Rg5 Qxh4 23. Rxf5 Qh1+ 24. Ke2 Nd4+ 25. Ke3 Nexf5+ 0-1

[Event "CAN-ch University"]
[Site "Guelph CAN"]
[Date "2008.01.12"]
[Round "2"]
[White "Palmer, Jordan"]
[Black "Ferreira, Alex"]
[Result "1/2-1/2"]
[WhiteElo "2017"]
[BlackElo "1999"]
[PlyCount "51"]
[GameId "2160767910549110"]
[EventDate "2008.01.12"]
[EventType "team"]
[EventRounds "5"]
[EventCountry "CAN"]

1. e4 c5 2. Nf3 a6 3. d4 cxd4 4. Nxd4 e5 5. Nf3 Nf6 6. Bd3 d5 7. Nbd2 dxe4 8. Nxe4 Nxe4 9. Bxe4 Qxd1+ 10. Kxd1 Nd7 11. Re1 Bd6 12. Bd2 O-O 13. Bf5 Re8 14. Ke2 g6 15. Bh3 Nb6 16. Bxc8 Raxc8 17. Rac1 Na4 18. b3 Nc3+ 19. Bxc3 Rxc3 20. Kf1 Ba3 21. Rcd1 Rxc2 22. Nxe5 Bb4 23. Re4 Bc5 24. Ng4 Rc8 25. Re2 Bb4 26. Rd8+ 1/2-1/2

[Event "CAN-ch University"]
[Site "Guelph CAN"]
[Date "2008.01.12"]
[Round "3"]
[White "Ferreira, Alex"]
[Black "Gonzalez Cueto, Jose"]
[Result "1/2-1/2"]
[WhiteElo "1999"]
[BlackElo "1949"]
[PlyCount "97"]
[GameId "2160767910549111"]
[EventDate "2008.01.12"]
[EventType "team"]
[EventRounds "5"]
[EventCountry "CAN"]

1. e4 e5 2. f4 d5 3. exd5 e4 4. Nc3 Nf6 5. d3 Bb4 6. Bd2 exd3 7. Bxd3 O-O 8. Qf3 Re8+ 9. Nge2 Bg4 10. Qf2 Nxd5 11. Nxd5 Bxd2+ 12. Kxd2 Qxd5 13. Nc3 Qa5 14. h3 Bd7 15. f5 Nc6 16. Rhe1 Ne5 17. g4 Nxd3 18. cxd3 Rad8 19. Rad1 b5 20. Qc5 Qb6 21. Qxb6 axb6 22. f6 Bc6 23. fxg7 Kxg7 24. a3 Kg6 25. Rxe8 Rxe8 26. Rf1 Re5 27. d4 Rg5 28. Ne2 f5 29. Nf4+ Kf6 30. Nd3 Be4 31. Nf2 Bg2 32. Rg1 Bd5 33. h4 Rg7 34. g5+ Kg6 35. Nd3 Be4 36. Nf4+ Kf7 37. Rc1 c6 38. Nh5 Rg6 39. Nf6 h6 40. Nd7 Kg7 41. Ne5 Rd6 42. Ke3 hxg5 43. hxg5 Re6 44. Kf4 Rd6 45. Ke3 Re6 46. b4 Rd6 47. Ra1 Rd8 48. Rc1 Rd6 49. Ra1 1/2-1/2

[Event "CAN-ch University"]
[Site "Guelph CAN"]
[Date "2008.01.13"]
[Round "5"]
[White "Ferreira, Alex"]
[Black "Pryor, Jamieson"]
[Result "1/2-1/2"]
[WhiteElo "1999"]
[BlackElo "1682"]
[PlyCount "80"]
[GameId "2160767910549112"]
[EventDate "2008.01.12"]
[EventType "team"]
[EventRounds "5"]
[EventCountry "CAN"]

1. e4 c5 2. Nf3 d6 3. d4 cxd4 4. Nxd4 Nf6 5. Nc3 g6 6. Be3 Bg7 7. Be2 Nc6 8. Qd2 O-O 9. Nxc6 bxc6 10. Bh6 Bxh6 11. Qxh6 Rb8 12. Rb1 Qa5 13. O-O Be6 14. a3 Rb7 15. Qc1 Rfb8 16. b4 Qe5 17. Qe3 Nd7 18. f4 Qg7 19. f5 gxf5 20. exf5 Bd5 21. Nxd5 cxd5 22. Qxe7 Qe5 23. Qg5+ Kh8 24. Bd3 Nf6 25. Qf4 Re7 26. a4 Rg8 27. h3 Ne4 28. Qxe5+ Rxe5 29. Bxe4 dxe4 30. c4 Rc8 31. Rbc1 e3 32. Rfe1 Re4 33. f6 h6 34. b5 Kh7 35. a5 Rcxc4 36. Rxc4 Rxc4 37. Rxe3 Rc5 38. Re7 Kg6 39. Rxa7 Rxb5 40. Rd7 Rxa5 1/2-1/2

[Event "CAN/Quebec op"]
[Site "Montreal CAN"]
[Date "2008.07.19"]
[Round "1"]
[White "Arencibia Rodriguez, Walter"]
[Black "Kiran, Manisha Mohanty"]
[Result "1-0"]
[WhiteElo "2536"]
[BlackElo "2261"]
[PlyCount "59"]
[GameId "2160767910345144"]
[EventDate "2008.07.19"]
[EventType "swiss"]
[EventRounds "9"]
[EventCountry "CAN"]
[SourceTitle "CBM 125 Extra"]
[Source "ChessBase"]
[SourceDate "2008.09.01"]
[SourceVersion "1"]
[SourceVersionDate "2008.09.01"]
[SourceQuality "1"]

1. e4 c5 2. Nf3 d6 3. d4 cxd4 4. Nxd4 Nf6 5. Nc3 a6 6. f3 e5 7. Nb3 Be6 8. Be3 Nbd7 9. Qd2 b5 10. O-O-O Rc8 11. Kb1 Nb6 12. Qf2 Nc4 13. Bxc4 Rxc4 14. g4 Rxc3 15. bxc3 Qc7 16. Bb6 Qxc3 17. Ba5 Qc8 18. Qa7 Be7 19. Bb4 Nd7 20. Bxd6 Bd8 21. Nc5 Bb6 22. Qxa6 Nxc5 23. Qxb6 Nd7 24. Qxb5 f6 25. Ba3 Kf7 26. Rd6 Re8 27. Rhd1 Nf8 28. Rc6 Qa8 29. Qa6 Rb8+ 30. Ka1 1-0

[Event "CAN/Quebec op"]
[Site "Montreal CAN"]
[Date "2008.07.19"]
[Round "1"]
[White "Arun Prasad, Subramanian"]
[Black "Masse, Hugues"]
[Result "1-0"]
[WhiteElo "2492"]
[BlackElo "2196"]
[PlyCount "143"]
[GameId "2160767910345145"]
[EventDate "2008.07.19"]
[EventType "swiss"]
[EventRounds "9"]
[EventCountry "CAN"]
[SourceTitle "CBM 125 Extra"]
[Source "ChessBase"]
[SourceDate "2008.09.01"]
[SourceVersion "1"]
[SourceVersionDate "2008.09.01"]
[SourceQuality "1"]

1. d4 Nf6 2. c4 g6 3. Nf3 Bg7 4. g3 O-O 5. Bg2 d5 6. cxd5 Nxd5 7. O-O Nb6 8. Nc3 Nc6 9. d5 Na5 10. Qc2 c6 11. dxc6 Nxc6 12. Rd1 Qc7 13. Nb5 Qb8 14. Bf4 e5 15. Be3 Bf5 16. Qc1 Rd8 17. Bc5 Rxd1+ 18. Qxd1 Nd7 19. Bd6 Qd8 20. Nh4 Bg4 21. h3 Bh5 22. Bc7 Qc8 23. Bd6 Qd8 24. Rc1 Bf6 25. Nf3 Bxf3 26. Bxf3 Qb6 27. Qd5 a6 28. Nc7 Rc8 29. Bg4 Rd8 30. Qb3 Qxb3 31. axb3 Ndb8 32. Ba3 e4 33. h4 Be5 34. Na8 f5 35. Bh3 Nd7 36. Rd1 Kf7 37. g4 Ke6 38. f3 exf3 39. e4 Bd4+ 40. Rxd4 Nxd4 41. gxf5+ gxf5 42. exf5+ Ke5 43. Nc7 Nxf5 44. Bb4 Rg8+ 45. Kf2 Nb6 46. Bc3+ Kd6 47. Bxf5 Kxc7 48. Bxh7 Rf8 49. h5 Nd5 50. Be5+ Kd7 51. h6 Ke6 52. Bg7 Rd8 53. Bg6 Ne7 54. Be4 Nf5 55. Bxf5+ Kxf5 56. h7 Ke4 57. h8=Q Rxh8 58. Bxh8 a5 59. Bf6 b5 60. Bd8 a4 61. Be7 Kd3 62. bxa4 bxa4 63. Kxf3 Kc2 64. Ba3 Kd3 65. Kf4 Kd4 66. Kf5 Kd5 67. Kf6 Kd4 68. Ke6 Ke4 69. Kd6 Kd4 70. Kc6 Kc4 71. Kb6 Kb3 72. Kb5 1-0